[Event "10. Open Vila de Salou"]
[Site "Salou ESP"]
[Date "2008.05.11"]
[Round "4.3"]
[White "Burmakin, Vladimir"]
[Black "Moreno Lafuente, Pablo"]
[Result "1-0"]
[WhiteElo "2615"]
[BlackElo "1820"]
[PlyCount "185"]
[EventDate "2008.05.08"]
[EventType "swiss"]
[EventRounds "9"]
[EventCountry "ESP"]
[Source "lmi"]
[SourceDate "2008.05.08"]

1. d4 Nf6 2. Nf3 e6 3. c4 b6 4. g3 Ba6 5. b3 d5 6. cxd5 exd5 7. Bg2 Bd6 8. O-O
O-O 9. Nc3 Nbd7 10. Bb2 Re8 11. Re1 Bb7 12. Rc1 Ne4 13. Nb5 Nf8 14. Nxd6 Qxd6
15. Rc2 f6 16. Qc1 Ne6 17. Nh4 c5 18. Nf5 Qd7 19. dxc5 N6xc5 20. Nd4 Rac8 21.
Rd1 Ng5 22. h4 Nge4 23. Rf1 Na6 24. Rxc8 Rxc8 25. Qf4 Nb4 26. Kh2 Qc7 27. Bh3
Qxf4 28. gxf4 Rc5 29. f3 Nd6 30. Rg1 Bc8 31. a3 Nc6 32. Nxc6 Rxc6 33. Bxf6 Bxh3
34. Kxh3 Nf5 35. Be5 d4 36. Rd1 Kf7 37. Rd2 Rc3 38. Bxd4 Rxb3 39. Bb2 h5 40. a4
Ke6 41. Be5 Ra3 42. Kg2 Nxh4+ 43. Kf2 g6 44. Rd6+ Ke7 45. Rd4 Nf5 46. Rc4 a6
47. Rc7+ Ke8 48. Rc6 Ne7 49. Rxb6 Rxa4 50. Rf6 Ra2 51. Bd6 Nf5 52. Bc5 Rc2 53.
Ba7 Ne7 54. Rxa6 Nd5 55. Bb8 Nc3 56. Rxg6 Rxe2+ 57. Kg3 Nd5 58. Rh6 Ne7 59.
Rxh5 Kf7 60. Rb5 Ke6 61. Rb6+ Kf7 62. Be5 Nf5+ 63. Kh3 Ne7 64. Rf6+ Ke8 65. Kg3
Kd7 66. Ra6 Ke8 67. Ba1 Re1 68. Kf2 Rc1 69. Ra5 Rd1 70. Ke3 Re1+ 71. Kd2 Rb1
72. Bc3 Rf1 73. Ke2 Rc1 74. Bf6 Rc6 75. Bg5 Re6+ 76. Kf2 Nc6 77. Rd5 Kf7 78.
Kg3 Re1 79. Rd6 Rg1+ 80. Kf2 Rc1 81. f5 Rc5 82. f4 Rc4 83. Ke3 Rc1 84. Rd7+ Ke8
85. Rc7 Rc3+ 86. Kd2 Rc5 87. f6 Rd5+ 88. Ke3 Nd8 89. Re7+ Kf8 90. Bh6+ Kg8 91.
Rg7+ Kh8 92. f7 Ne6 93. Rg6 1-0

[Event "10. Open Vila de Salou"]
[Site "Salou ESP"]
[Date "2008.05.11"]
[Round "4.4"]
[White "Maze, Sebastien"]
[Black "Krivoshey, Sergei"]
[Result "1/2-1/2"]
[WhiteElo "2565"]
[BlackElo "2488"]
[PlyCount "26"]
[EventDate "2008.05.08"]
[EventType "swiss"]
[EventRounds "9"]
[EventCountry "ESP"]
[Source "lmi"]
[SourceDate "2008.05.08"]

1. e4 e6 2. d4 d5 3. Nc3 Bb4 4. exd5 exd5 5. Bd3 Nc6 6. a3 Be7 7. Nce2 Bf6 8.
c3 h5 9. Bf4 Nge7 10. Nf3 Bf5 11. Bg5 Bxg5 12. Nxg5 Qd6 13. h4 f6 1/2-1/2

[Event "10. Open Vila de Salou"]
[Site "Salou ESP"]
[Date "2008.05.11"]
[Round "4.5"]
[White "Adel Lahchaichi, Oussama"]
[Black "Lopez Martinez, Josep Manuel"]
[Result "0-1"]
[WhiteElo "2340"]
[BlackElo "2575"]
[PlyCount "70"]
[EventDate "2008.05.08"]
[EventType "swiss"]
[EventRounds "9"]
[EventCountry "ESP"]
[Source "lmi"]
[SourceDate "2008.05.08"]

1. c4 Nf6 2. g3 c6 3. Nf3 d5 4. b3 Bf5 5. Bg2 e6 6. O-O h6 7. d3 Be7 8. Nbd2
O-O 9. Bb2 a5 10. a3 Nbd7 11. Rc1 Bh7 12. Rc2 Qb6 13. Qa1 Rfe8 14. Bh3 Bf8 15.
Ne5 Rad8 16. Ng4 Nxg4 17. Bxg4 c5 18. Bf3 d4 19. b4 Ne5 20. Bg2 axb4 21. axb4
Nxd3 22. exd3 Bxd3 23. bxc5 Bxc5 24. Qd1 Bxf1 25. Nxf1 Ra8 26. Qg4 f5 27. Qg6
Re7 28. Bc1 Qb1 29. Rb2 Qxc1 30. Rxb7 Rae8 31. Bc6 Qxc4 32. g4 d3 33. Bf3 Qa2
34. Ne3 Bxe3 35. fxe3 Rc8 0-1

[Event "10. Open Vila de Salou"]
[Site "Salou ESP"]
[Date "2008.05.11"]
[Round "4.6"]
[White "Hernando Rodrigo, Jose Maria"]
[Black "Karlsson, Lars"]
[Result "1/2-1/2"]
[WhiteElo "2337"]
[BlackElo "2475"]
[PlyCount "176"]
[EventDate "2008.05.08"]
[EventType "swiss"]
[EventRounds "9"]
[EventCountry "ESP"]
[Source "lmi"]
[SourceDate "2008.05.08"]

1. d4 f5 2. Nf3 Nf6 3. c4 e6 4. Nc3 Bb4 5. Bd2 O-O 6. g3 d6 7. Bg2 Qe7 8. O-O
Kh8 9. a3 Bxc3 10. Bxc3 Ne4 11. Be1 e5 12. Qc2 Nc6 13. Rd1 Nf6 14. dxe5 dxe5
15. b4 e4 16. Nd4 Ne5 17. f4 Neg4 18. Qc3 h5 19. h3 Nh6 20. Bf2 Qf7 21. Rd2 Bd7
22. Rfd1 Rae8 23. Nb5 Be6 24. Nxa7 Bxc4 25. Rc1 Bd5 26. Bd4 e3 27. Rd3 Be4 28.
Bxf6 Bxd3 29. Be5 Be4 30. Qxe3 Bxg2 31. Kxg2 c6 32. b5 Qd5+ 33. Qf3 Qxf3+ 34.
Kxf3 cxb5 35. Nxb5 Rc8 36. Rxc8 Rxc8 37. Nd6 Ra8 38. Nxb7 Rxa3+ 39. e3 Nf7 40.
Bd4 Kh7 41. g4 hxg4+ 42. hxg4 Nh6 43. gxf5 Nxf5 44. Bc5 Rc3 45. Ke4 Kg6 46. Bd4
Rc7 47. Nc5 Re7+ 48. Kd3 Nxd4 49. Kxd4 Kf5 50. Kd3 Ra7 51. Ke2 Kg4 52. Ne6 g6
53. Nd4 Ra3 54. Kd2 Kg3 55. Ke2 Ra8 56. Nf3 Ra2+ 57. Nd2 Kg4 58. Kd3 Ra8 59.
Nc4 Kf5 60. Nd2 Ra3+ 61. Ke2 Ra2 62. Kd3 Ra3+ 63. Ke2 Ra8 64. Kf3 Rh8 65. Ne4
Rh2 66. Ng3+ Ke6 67. Kg4 Rg2 68. Kf3 Rg1 69. Kf2 Ra1 70. Kf3 Ra3 71. Ne4 Kf5
72. Nd6+ Ke6 73. Ne4 Ke7 74. Ng5 Kf6 75. Ne4+ Kg7 76. Ng5 Rb3 77. Ne4 Kh6 78.
Ng3 Ra3 79. Kf2 Rc3 80. Kf3 Rb3 81. Kf2 Rb2+ 82. Kf3 Ra2 83. Kg4 Ra3 84. Kf3
Rb3 85. Kf2 Kg7 86. Kf3 Rc3 87. Ne4 Ra3 88. Ng3 Rc3 1/2-1/2

[Event "10. Open Vila de Salou"]
[Site "Salou ESP"]
[Date "2008.05.11"]
[Round "4.7"]
[White "Avila Jimenez, Javier"]
[Black "Cruz, Cristhian"]
[Result "0-1"]
[WhiteElo "2272"]
[BlackElo "2473"]
[PlyCount "56"]
[EventDate "2008.05.08"]
[EventType "swiss"]
[EventRounds "9"]
[EventCountry "ESP"]
[Source "lmi"]
[SourceDate "2008.05.08"]

1. d4 Nf6 2. c4 e6 3. Nc3 Bb4 4. f3 d5 5. a3 Bxc3+ 6. bxc3 c5 7. cxd5 exd5 8.
e3 Qc7 9. Bd3 cxd4 10. cxd4 Qc3+ 11. Qd2 Qxa1 12. Ne2 b6 13. O-O Ba6 14. Bb2
Qxb2 15. Qxb2 Bxd3 16. Rc1 O-O 17. Nf4 Bc4 18. e4 b5 19. e5 Nfd7 20. Rxc4 dxc4
21. Qxb5 Nb6 22. e6 fxe6 23. Nxe6 N8d7 24. Nxf8 Rxf8 25. a4 Rc8 26. a5 c3 27.
Qb3+ Kh8 28. axb6 c2 0-1

[Event "10. Open Vila de Salou"]
[Site "Salou ESP"]
[Date "2008.05.11"]
[Round "4.8"]
[White "Libiszewski, Fabien"]
[Black "Martinez Lopez, Ivan"]
[Result "1/2-1/2"]
[WhiteElo "2465"]
[BlackElo "2254"]
[PlyCount "123"]
[EventDate "2008.05.08"]
[EventType "swiss"]
[EventRounds "9"]
[EventCountry "ESP"]
[Source "lmi"]
[SourceDate "2008.05.08"]

1. e4 e5 2. Nf3 Nc6 3. Nc3 d6 4. d4 exd4 5. Nxd4 Nf6 6. Nde2 Be7 7. g3 O-O 8.
Bg2 Re8 9. O-O Bf8 10. h3 Nd7 11. Nd5 Nb6 12. Ne3 Be6 13. b3 a5 14. a4 f6 15.
Bb2 Qd7 16. g4 Rad8 17. c4 Nb4 18. Qd4 h5 19. f3 Bf7 20. Rad1 Qc8 21. Ng3 hxg4
22. hxg4 Nd7 23. Ngf5 g6 24. Ng3 d5 25. Qd2 dxc4 26. Nxc4 Ne5 27. Qc3 Bxc4 28.
bxc4 Qe6 29. g5 Bc5+ 30. Kh2 Kf7 31. Ne2 Rh8+ 32. Kg3 Nbd3 33. Ng1 Rh5 34. Nh3
Bd4 35. Qxd4 Rxd4 36. Bxd4 fxg5 37. Be3 Nf4 38. Nxf4 gxf4+ 39. Bxf4 Qf6 40. Rh1
Rxh1 41. Rxh1 g5 42. Bc1 Nd3 43. Be3 Kg6 44. Bh3 Qe5+ 45. Kg2 Nf4+ 46. Bxf4
gxf4 47. Bf5+ Kg5 48. Rb1 b6 49. Rb5 Qc3 50. Bg4+ Kg6 51. e5 Qxc4 52. e6 Qe2+
53. Kh1 Qd1+ 54. Kg2 Qxa4 55. Re5 Qc2+ 56. Kf1 Qd1+ 57. Re1 Qd3+ 58. Re2 Qd1+
59. Kf2 Qd4+ 60. Kg2 Qd1 61. Kf2 Qd4+ 62. Kg2 1/2-1/2

[Event "10. Open Vila de Salou"]
[Site "Salou ESP"]
[Date "2008.05.12"]
[Round "5.1"]
[White "Mirzoev, Azer"]
[Black "Movsziszian, Karen"]
[Result "1-0"]
[WhiteElo "2543"]
[BlackElo "2536"]
[PlyCount "112"]
[EventDate "2008.05.08"]
[EventType "swiss"]
[EventRounds "9"]
[EventCountry "ESP"]
[Source "lmi"]
[SourceDate "2008.05.08"]

1. d4 d6 2. e4 Nf6 3. Nc3 g6 4. Nf3 Bg7 5. Be2 O-O 6. O-O e6 7. Re1 Nc6 8. h3
a6 9. a4 b6 10. Bg5 h6 11. Bh4 Bb7 12. Bf1 Re8 13. Qd2 e5 14. dxe5 dxe5 15.
Qxd8 Nxd8 16. Rad1 Ne6 17. Bc4 Nh7 18. Bg3 Nd4 19. Nxd4 exd4 20. Nd5 Rac8 21.
e5 b5 22. Ba2 c5 23. axb5 axb5 24. e6 c4 25. Nc7 fxe6 26. Nxe8 Rxe8 27. Be5
Bxe5 28. Rxe5 Bd5 29. Rxd4 Ra8 30. Bb1 Ra1 31. Re1 b4 32. c3 b3 33. f3 Nf6 34.
Kf2 Kg7 35. Be4 Ra2 36. Re2 g5 37. h4 Kf7 38. hxg5 hxg5 39. Rd1 Ra5 40. Ke3 Ke7
41. Bxd5 Nxd5+ 42. Kd4 Nb6 43. Re5 Ra8 44. Ree1 Ra2 45. Rd2 Kd6 46. Rde2 e5+
47. Rxe5 Rxb2 48. Re6+ Kc7 49. Re7+ Kc6 50. R1e6+ Kb5 51. Rb7 Rd2+ 52. Ke3 Rd3+
53. Ke4 Rxc3 54. Rexb6+ Kc5 55. Rb5+ Kc6 56. R7b6+ Kc7 1-0

[Event "10. Open Vila de Salou"]
[Site "Salou ESP"]
[Date "2008.05.12"]
[Round "5.2"]
[White "Leon Hoyos, Manuel"]
[Black "Burmakin, Vladimir"]
[Result "1-0"]
[WhiteElo "2490"]
[BlackElo "2615"]
[PlyCount "57"]
[EventDate "2008.05.08"]
[EventType "swiss"]
[EventRounds "9"]
[EventCountry "ESP"]
[Source "lmi"]
[SourceDate "2008.05.08"]

1. e4 c6 2. c4 d5 3. cxd5 cxd5 4. exd5 Nf6 5. Qa4+ Nbd7 6. Nc3 g6 7. Nf3 Bg7 8.
Bc4 O-O 9. d3 a6 10. Qa3 Nb6 11. Qb3 Bg4 12. Be3 Nfd7 13. Nd2 Qc7 14. O-O Bf5
15. Nce4 Nxc4 16. dxc4 e6 17. Ng3 exd5 18. Nxf5 gxf5 19. cxd5 f4 20. Rac1 Qd6
21. Nc4 Qxd5 22. Rfd1 Qf5 23. Qxb7 Ne5 24. Bd4 Nxc4 25. Bxg7 Kxg7 26. Rxc4 Rab8
27. Qf3 Rxb2 28. Rxf4 Qe5 29. Re4 1-0

[Event "10. Open Vila de Salou"]
[Site "Salou ESP"]
[Date "2008.05.12"]
[Round "5.3"]
[White "Lopez Martinez, Josep Manuel"]
[Black "Cori, Jorge"]
[Result "1-0"]
[WhiteElo "2575"]
[BlackElo "2377"]
[PlyCount "149"]
[EventDate "2008.05.08"]
[EventType "swiss"]
[EventRounds "9"]
[EventCountry "ESP"]
[Source "lmi"]
[SourceDate "2008.05.08"]

1. Nf3 Nf6 2. c4 g6 3. Nc3 Bg7 4. e4 d6 5. d4 O-O 6. Be2 e5 7. O-O Nc6 8. d5
Ne7 9. Ne1 Ne8 10. Nd3 f5 11. Bd2 Nf6 12. f3 f4 13. Rc1 c5 14. dxc6 Nxc6 15.
Nf2 Be6 16. Nd5 Nd4 17. Bd3 Nd7 18. Bc3 Rc8 19. b3 Nb8 20. Qd2 Nbc6 21. b4 Qg5
22. Kh1 b6 23. Rb1 Qd8 24. Rfd1 g5 25. Bf1 Qd7 26. a4 Ne7 27. a5 bxa5 28. b5
Nxd5 29. exd5 Bf5 30. Rb2 a4 31. Bxd4 exd4 32. Ra2 Rfe8 33. Rxa4 Re7 34. Bd3
Bxd3 35. Qxd3 Re3 36. Qf1 Rce8 37. h3 d3 38. Nxd3 Qe7 39. Ra2 h5 40. Rc2 Bd4
41. Rcc1 Bb6 42. c5 dxc5 43. Nf2 Bc7 44. Ne4 Bd6 45. Ra1 g4 46. Ra6 Rd8 47.
Nxd6 Rxd6 48. fxg4 f3 49. Rxd6 fxg2+ 50. Qxg2 Qxd6 51. gxh5+ Kh8 52. Rg1 Qf8
53. h6 Qf3 54. Qxf3 Rxf3 55. Rd1 Rf8 56. Kg2 c4 57. d6 c3 58. Rc1 Rd8 59. Rxc3
Rxd6 60. Rc8+ Kh7 61. Rc7+ Kg8 62. Rxa7 Rb6 63. Ra5 Rxh6 64. Kg3 Rb6 65. Kf4
Kf7 66. Ke5 Rh6 67. Kd5 Rxh3 68. Kc6 Rc3+ 69. Kb7 Ke7 70. b6 Kd6 71. Kb8 Rb3
72. b7 Kc6 73. Ra6+ Kd7 74. Ka8 Kc7 75. Ra7 1-0

[Event "10. Open Vila de Salou"]
[Site "Salou ESP"]
[Date "2008.05.12"]
[Round "5.4"]
[White "Cruz, Cristhian"]
[Black "Maze, Sebastien"]
[Result "0-1"]
[WhiteElo "2473"]
[BlackElo "2565"]
[PlyCount "84"]
[EventDate "2008.05.08"]
[EventType "swiss"]
[EventRounds "9"]
[EventCountry "ESP"]
[Source "lmi"]
[SourceDate "2008.05.08"]

1. d4 Nf6 2. c4 e6 3. Nc3 c5 4. d5 exd5 5. cxd5 d6 6. e4 g6 7. Bd3 Bg7 8. Nge2
O-O 9. O-O a6 10. a4 Nbd7 11. Ng3 h5 12. h3 Ne5 13. Be2 h4 14. Nh1 Nh7 15. f4
Nd7 16. Bd3 Ndf6 17. Qf3 Nh5 18. Be3 f5 19. exf5 Bxf5 20. Bxf5 Rxf5 21. Qg4 Nf8
22. Rae1 b5 23. axb5 axb5 24. Ne4 Nf6 25. Nxf6+ Bxf6 26. Nf2 Bxb2 27. Ne4 Bf6
28. Bf2 Be7 29. Re2 b4 30. Rfe1 Ra7 31. Nd2 Rxd5 32. Nf3 Rh5 33. f5 Rxf5 34.
Bxh4 Rf7 35. Bxe7 Raxe7 36. Qh4 Rd7 37. Ng5 Rf5 38. Re8 Qf6 39. R1e6 Qxg5 40.
Rxf8+ Kxf8 41. Qh8+ Kf7 42. Re8 Rf1+ 0-1

[Event "10. Open Vila de Salou"]
[Site "Salou ESP"]
[Date "2008.05.12"]
[Round "5.5"]
[White "Krivoshey, Sergei"]
[Black "Kovalyov, Anton"]
[Result "1/2-1/2"]
[WhiteElo "2488"]
[BlackElo "2525"]
[PlyCount "98"]
[EventDate "2008.05.08"]
[EventType "swiss"]
[EventRounds "9"]
[EventCountry "ESP"]
[Source "lmi"]
[SourceDate "2008.05.08"]

1. d4 Nf6 2. Nf3 e6 3. c4 b6 4. g3 c6 5. Bg2 d5 6. Qc2 Be7 7. O-O O-O 8. Rd1
Nbd7 9. b3 Ba6 10. Bb2 Rc8 11. Nc3 dxc4 12. Ne5 Nxe5 13. dxe5 Nd7 14. Ne4 Qc7
15. Nd6 Rcd8 16. f4 b5 17. bxc4 bxc4 18. Nxc4 Nb6 19. Nd6 c5 20. Rac1 c4 21.
Qd2 Nc8 22. Ba3 Rd7 23. Bb4 Rfd8 24. Ba5 Nb6 25. Bb4 Bb5 26. e3 Bc6 27. Qe2
Bxg2 28. Qxg2 h6 29. Rd4 Qb8 30. Qd2 Qa8 31. Ba5 Qb8 32. Bxb6 axb6 33. Nf5 Ba3
34. Rcxc4 Rxd4 35. Nxd4 Bc5 36. Rc1 Qa8 37. Rd1 Qa4 38. Kg2 Qc4 39. Rc1 Qd5+
40. Kh3 Qe4 41. Rd1 Ra8 42. Qd3 Qb7 43. Rd2 Rd8 44. Qc2 Qh1 45. Rd1 Qa8 46. Rd2
Bb4 47. Rd1 Rc8 48. Qb3 Bc5 49. Rd2 Qe4 1/2-1/2

[Event "10. Open Vila de Salou"]
[Site "Salou ESP"]
[Date "2008.05.12"]
[Round "5.6"]
[White "Cuartas, Jaime Alexander"]
[Black "Cori T., Deysi"]
[Result "1-0"]
[WhiteElo "2496"]
[BlackElo "2208"]
[PlyCount "93"]
[EventDate "2008.05.08"]
[EventType "swiss"]
[EventRounds "9"]
[EventCountry "ESP"]
[Source "lmi"]
[SourceDate "2008.05.08"]

1. e4 e6 2. Nf3 d5 3. Nc3 Nf6 4. e5 Nfd7 5. d4 c5 6. Bg5 Qb6 7. dxc5 Bxc5 8.
Qd2 Nc6 9. Bb5 O-O 10. Bxc6 bxc6 11. Na4 Qb5 12. Nxc5 Nxc5 13. Be7 Ne4 14. Qb4
Re8 15. Qxb5 cxb5 16. Bh4 a5 17. Nd4 Ba6 18. f3 Nc5 19. Kd2 Rac8 20. Rhe1 Rc7
21. Re3 Rec8 22. b3 Kf8 23. Kd1 h5 24. Be1 a4 25. Ba5 Rb7 26. Bb4 Ke8 27. Rc3
Rbc7 28. Ba5 Re7 29. Rb1 f6 30. Bb4 Rec7 31. exf6 gxf6 32. Bxc5 e5 33. b4 exd4
34. Rd3 Rg7 35. g3 h4 36. g4 Kf7 37. Rxd4 f5 38. Kd2 fxg4 39. fxg4 Re8 40. Rf1+
Kg8 41. h3 Rg5 42. Rf6 Bc8 43. Rdf4 Rge5 44. Bd4 Re4 45. Rxe4 Rxe4 46. c3 Be6
47. Rh6 1-0

[Event "10. Open Vila de Salou"]
[Site "Salou ESP"]
[Date "2008.05.12"]
[Round "5.7"]
[White "Moreno Lafuente, Pablo"]
[Black "Hernando Rodrigo, Jose Maria"]
[Result "1-0"]
[WhiteElo "1820"]
[BlackElo "2337"]
[PlyCount "115"]
[EventDate "2008.05.08"]
[EventType "swiss"]
[EventRounds "9"]
[EventCountry "ESP"]
[Source "lmi"]
[SourceDate "2008.05.08"]

1. d4 d5 2. c4 dxc4 3. Nf3 Nf6 4. e3 e6 5. Bxc4 c5 6. O-O a6 7. Bb3 Nc6 8. Qe2
cxd4 9. Rd1 d3 10. Rxd3 Qc7 11. Nc3 Be7 12. Bd2 Na5 13. Rc1 Qb8 14. Na4 Nxb3
15. Rxb3 Nd7 16. Nd4 Qe5 17. Bc3 Qe4 18. Bb4 Bxb4 19. Rxb4 Qd5 20. Rbc4 O-O 21.
Nc3 Qd6 22. Ne4 Qd5 23. Nb3 e5 24. Rd1 Qe6 25. Rc7 Qg6 26. Qf3 Nf6 27. Nxf6+
Qxf6 28. Qxf6 gxf6 29. Nc5 Rb8 30. h3 Bf5 31. Nxb7 Bc8 32. Nd6 Rd8 33. Rcc1 Be6
34. b3 a5 35. Ne4 Rxd1+ 36. Rxd1 a4 37. bxa4 Bxa2 38. Nxf6+ Kg7 39. Nd7 Rb4 40.
Nxe5 Rxa4 41. Ra1 Bb3 42. Rxa4 Bxa4 43. Kh2 Bb5 44. g4 h6 45. Kg3 Ba4 46. h4
Bb3 47. Kf4 Bc2 48. Nf3 Bd3 49. Nd4 f6 50. g5 fxg5+ 51. hxg5 hxg5+ 52. Kxg5 Kf7
53. f3 Bb1 54. e4 Bd3 55. e5 Bb1 56. f4 Be4 57. f5 Bd5 58. e6+ 1-0

[Event "10. Open Vila de Salou"]
[Site "Salou ESP"]
[Date "2008.05.12"]
[Round "5.8"]
[White "Karlsson, Lars"]
[Black "Tscharotschkin, Michael"]
[Result "1/2-1/2"]
[WhiteElo "2475"]
[BlackElo "2216"]
[PlyCount "110"]
[EventDate "2008.05.08"]
[EventType "swiss"]
[EventRounds "9"]
[EventCountry "ESP"]
[Source "lmi"]
[SourceDate "2008.05.08"]

1. b3 d5 2. Bb2 Nf6 3. e3 c6 4. f4 g6 5. Nf3 Bg7 6. Be2 Bg4 7. O-O O-O 8. h3
Bxf3 9. Bxf3 Ne4 10. Bxg7 Kxg7 11. Bxe4 dxe4 12. Nc3 f5 13. d3 exd3 14. cxd3
Nd7 15. d4 Nf6 16. Qe2 Qd6 17. Rac1 Rfd8 18. Rfd1 Qe6 19. Kf2 Rd6 20. Qc4 Nd5
21. Nxd5 Rxd5 22. Qe2 Rad8 23. Rd2 R8d6 24. Rdc2 Qe4 25. Qf3 Qe6 26. g4 Rd8 27.
Rc5 Qf6 28. gxf5 gxf5 29. Qh5 Rxc5 30. Rxc5 e6 31. b4 a6 32. Qg5+ Qxg5 33. fxg5
f4 34. Re5 Kf7 35. h4 fxe3+ 36. Kxe3 h6 37. gxh6 Rh8 38. Rh5 Kg6 39. Rg5+ Kf6
40. Rg7 Rxh6 41. Rxb7 Rxh4 42. Rb6 Rh3+ 43. Ke4 Ra3 44. Rxc6 Rxa2 45. d5 Re2+
46. Kd3 Re5 47. d6 Rd5+ 48. Kc4 Ke5 49. Rxa6 Rxd6 50. b5 Rd1 51. b6 Kd6 52. b7+
Kc7 53. Rb6 Rc1+ 54. Kd4 Kb8 55. Rxe6 Kxb7 1/2-1/2

[Event "10. Open Vila de Salou"]
[Site "Salou ESP"]
[Date "2008.05.13"]
[Round "6.1"]
[White "Maze, Sebastien"]
[Black "Mirzoev, Azer"]
[Result "1/2-1/2"]
[WhiteElo "2565"]
[BlackElo "2543"]
[PlyCount "108"]
[EventDate "2008.05.08"]
[EventType "swiss"]
[EventRounds "9"]
[EventCountry "ESP"]
[Source "lmi"]
[SourceDate "2008.05.08"]

1. e4 e6 2. d4 d5 3. Nc3 dxe4 4. Nxe4 Nd7 5. Nf3 Ngf6 6. Nxf6+ Nxf6 7. Be3 Nd5
8. Bd2 c5 9. dxc5 Bxc5 10. Bd3 Nb4 11. Bxb4 Bxb4+ 12. c3 Be7 13. Qe2 Qc7 14.
Bb5+ Kf8 15. O-O-O Bf6 16. Rhe1 a6 17. Bd3 Bd7 18. Ne5 Bxe5 19. Qxe5 Qxe5 20.
Rxe5 Bc6 21. Be4 Bxe4 22. Rxe4 Ke7 23. Red4 Rhd8 24. Rxd8 Rxd8 25. Rxd8 Kxd8
26. Kd2 Kd7 27. Kd3 Kd6 28. f4 e5 29. Ke4 exf4 30. Kxf4 Kd5 31. b3 b5 32. g4 h6
33. Kf5 a5 34. h3 a4 35. h4 Kd6 36. Ke4 g6 37. h5 gxh5 38. gxh5 Ke6 39. Kf4 a3
40. Ke4 f5+ 41. Kd4 Kd6 42. c4 bxc4 43. Kxc4 Ke5 44. Kd3 Kf4 45. b4 Ke5 46. Ke3
Kd5 47. Kf4 Kc4 48. Kxf5 Kxb4 49. Kg6 Kc3 50. Kxh6 Kb2 51. Kg6 Kxa2 52. h6 Kb1
53. h7 a2 54. h8=Q a1=Q 1/2-1/2

[Event "10. Open Vila de Salou"]
[Site "Salou ESP"]
[Date "2008.05.13"]
[Round "6.2"]
[White "Movsziszian, Karen"]
[Black "Lopez Martinez, Josep Manuel"]
[Result "1-0"]
[WhiteElo "2536"]
[BlackElo "2575"]
[PlyCount "91"]
[EventDate "2008.05.08"]
[EventType "swiss"]
[EventRounds "9"]
[EventCountry "ESP"]
[Source "lmi"]
[SourceDate "2008.05.08"]

1. Nf3 Nf6 2. g3 d5 3. Bg2 c6 4. O-O Bf5 5. d3 e6 6. Nbd2 h6 7. Qe1 Be7 8. e4
Bh7 9. Ne5 O-O 10. f4 Na6 11. Kh1 dxe4 12. dxe4 Nc5 13. Qe2 Qd4 14. Re1 Rad8
15. a4 Ncd7 16. Nd3 Qb6 17. b3 Nc5 18. Nf2 Qa6 19. Qe3 Ncd7 20. Bb2 Bb4 21.
Rad1 Qa5 22. Nc4 Qc7 23. Rf1 b5 24. Ne5 Bc5 25. Qe2 bxa4 26. bxa4 Qb6 27. Ned3
Bxf2 28. Rxf2 Nc5 29. Bxf6 gxf6 30. Rff1 Nxa4 31. Qg4+ Kh8 32. Qh4 Kg7 33. e5
f5 34. Qf6+ Kg8 35. Qxh6 Nc3 36. Rde1 Rd7 37. h4 Qd8 38. Bxc6 Rc7 39. Bf3 f6
40. g4 fxg4 41. Bxg4 f5 42. Bf3 Kh8 43. Rg1 Ne4 44. Bxe4 fxe4 45. Nc5 e3 46.
Nxe6 1-0

[Event "10. Open Vila de Salou"]
[Site "Salou ESP"]
[Date "2008.05.13"]
[Round "6.3"]
[White "Kovalyov, Anton"]
[Black "Leon Hoyos, Manuel"]
[Result "1/2-1/2"]
[WhiteElo "2525"]
[BlackElo "2490"]
[PlyCount "85"]
[EventDate "2008.05.08"]
[EventType "swiss"]
[EventRounds "9"]
[EventCountry "ESP"]
[Source "lmi"]
[SourceDate "2008.05.08"]

1. c4 c5 2. Nf3 Nc6 3. d4 cxd4 4. Nxd4 g6 5. e4 Nf6 6. Nc3 d6 7. f3 Nxd4 8.
Qxd4 Bg7 9. Be3 O-O 10. Qd2 a5 11. b3 Be6 12. Rc1 Nd7 13. Be2 Nc5 14. O-O Qb6
15. Nb5 Bd7 16. Rfd1 Rfc8 17. Bf1 h5 18. Qf2 Qd8 19. Rc2 Qf8 20. Nc3 Bc6 21.
Nd5 Bxd5 22. cxd5 Bh6 23. Bxc5 dxc5 24. a4 Bg7 25. Rxc5 Rxc5 26. Qxc5 Qc8 27.
Qc4 Qd8 28. Rc1 Qb6+ 29. Kh1 Qe3 30. Rd1 Be5 31. Qd3 Qf2 32. g3 h4 33. Rd2 Qe1
34. f4 Bd6 35. Qe2 Qb1 36. Qd3 Qe1 37. Qe2 Qb1 38. e5 Bb4 39. Rb2 Qa1 40. Ra2
Qb1 41. Rb2 Qa1 42. Ra2 Qb1 43. Rb2 1/2-1/2

[Event "10. Open Vila de Salou"]
[Site "Salou ESP"]
[Date "2008.05.13"]
[Round "6.4"]
[White "Burmakin, Vladimir"]
[Black "Cuartas, Jaime Alexander"]
[Result "1-0"]
[WhiteElo "2615"]
[BlackElo "2496"]
[PlyCount "113"]
[EventDate "2008.05.08"]
[EventType "swiss"]
[EventRounds "9"]
[EventCountry "ESP"]
[Source "lmi"]
[SourceDate "2008.05.08"]

1. d4 d5 2. c4 c6 3. Nf3 Nf6 4. Qb3 e6 5. Bg5 Nbd7 6. Nc3 Be7 7. e3 O-O 8. Be2
b6 9. O-O Bb7 10. Rfd1 dxc4 11. Bxc4 Nd5 12. Bxe7 Qxe7 13. Rac1 Nxc3 14. bxc3
c5 15. Be2 Rfc8 16. c4 cxd4 17. exd4 Rc7 18. Rc3 Rd8 19. Re3 Qd6 20. h3 h6 21.
a4 Rdc8 22. a5 Qf8 23. axb6 axb6 24. Nd2 Ra8 25. Nb1 Bc6 26. Nc3 Rca7 27. d5
exd5 28. cxd5 Ba4 29. Nxa4 Rxa4 30. d6 Nc5 31. Qxb6 Ne6 32. d7 Rb4 33. Qc6 Rbb8
34. Bc4 Rd8 35. Bxe6 fxe6 36. Rxe6 Qf7 37. Qe4 Rf8 38. Rd2 Rad8 39. Re7 Qf6 40.
Qe6+ Qxe6 41. Rxe6 Kf7 42. Re4 Kg6 43. Re7 Rf7 44. Rd6+ Rf6 45. Rd3 Rf7 46.
Re6+ Kh7 47. Red6 Kg8 48. h4 Kh7 49. f3 Re7 50. Kf2 Kg8 51. g4 Kf7 52. Kg3 Kg8
53. g5 hxg5 54. hxg5 Re1 55. Kg4 Kh7 56. Rd1 Re2 57. Rc6 1-0

[Event "10. Open Vila de Salou"]
[Site "Salou ESP"]
[Date "2008.05.13"]
[Round "6.5"]
[White "Libiszewski, Fabien"]
[Black "Krivoshey, Sergei"]
[Result "0-1"]
[WhiteElo "2465"]
[BlackElo "2488"]
[PlyCount "30"]
[EventDate "2008.05.08"]
[EventType "swiss"]
[EventRounds "9"]
[EventCountry "ESP"]
[Source "lmi"]
[SourceDate "2008.05.08"]

1. e4 e6 2. d4 d5 3. Nc3 Bb4 4. Nge2 dxe4 5. a3 Be7 6. g4 e5 7. h3 h5 8. g5
Bxg5 9. Bxg5 Qxg5 10. Rg1 Qh4 11. Qd2 Ne7 12. O-O-O O-O 13. dxe5 Nbc6 14. Nd5
Nxd5 15. Qh6 Bg4 0-1

[Event "10. Open Vila de Salou"]
[Site "Salou ESP"]
[Date "2008.05.13"]
[Round "6.6"]
[White "Ivanov, Mikhail M"]
[Black "Moreno Lafuente, Pablo"]
[Result "1-0"]
[WhiteElo "2492"]
[BlackElo "1820"]
[PlyCount "63"]
[EventDate "2008.05.08"]
[EventType "swiss"]
[EventRounds "9"]
[EventCountry "ESP"]
[Source "lmi"]
[SourceDate "2008.05.08"]

1. Nf3 Nf6 2. c4 e6 3. Nc3 Bb4 4. g3 O-O 5. Bg2 d5 6. a3 Be7 7. d4 c6 8. O-O
Nbd7 9. Nd2 a6 10. e4 dxc4 11. Nxc4 b5 12. Ne3 Nb6 13. e5 Nfd5 14. Ne4 a5 15.
h4 Ba6 16. Ng4 b4 17. Re1 bxa3 18. bxa3 Nd7 19. Qc2 c5 20. Ng5 Bxg5 21. Bxg5
Qc8 22. Qd2 Bb7 23. h5 c4 24. h6 g6 25. Bxd5 exd5 26. Qf4 Ra6 27. Be7 Re8 28.
e6 fxe6 29. Nf6+ Kf7 30. Nxe8+ Kxe7 31. Nc7 Rd6 32. Nxe6 1-0

[Event "10. Open Vila de Salou"]
[Site "Salou ESP"]
[Date "2008.05.13"]
[Round "6.7"]
[White "Avila Jimenez, Javier"]
[Black "Karlsson, Lars"]
[Result "0-1"]
[WhiteElo "2272"]
[BlackElo "2475"]
[PlyCount "48"]
[EventDate "2008.05.08"]
[EventType "swiss"]
[EventRounds "9"]
[EventCountry "ESP"]
[Source "lmi"]
[SourceDate "2008.05.08"]

1. d4 f5 2. c4 e6 3. Nc3 Bb4 4. Bd2 Nf6 5. f3 O-O 6. a3 Bxc3 7. Bxc3 d6 8. e3
Qe7 9. Qc2 e5 10. dxe5 dxe5 11. O-O-O Nc6 12. Nh3 a5 13. Kb1 Qc5 14. Bd2 Be6
15. Ng5 Bd7 16. h4 h6 17. g4 fxg4 18. Bc3 Rad8 19. Rxd7 Rxd7 20. Bd3 Rxd3 21.
Qxd3 hxg5 22. hxg5 e4 23. Qd2 Qxg5 24. f4 Qf5 0-1